Hükümet programı (Record no. 8900)

MARC details
000 -BAŞLIK
Sabit Uzunlukta Kontrol Alanı 01007na a2200301 4500
001 - KONTROL NUMARASI
Denetim Alanı 19028
003 - KONTROL NUMARASI IDENTIFIER
Denetim Alanı MIRAKIL
005 - SON İŞLEM TARİHİ VE ZAMANI
Denetim Alanı 20181213155227.0
008 - SABİT-BOY VERİ ELEMANLARI - GENEL BİLGİLER
Sabit Uzunlukta Kontrol Alanı 161207b tu 000 0
035 ## - SİSTEM KONTROL NUMARASI
Sistem Kontrol Numarası 19028
040 ## - KATALOGLAMA KAYNAK
Orijinal Kataloglama Ajansı Milas
Kataloglama Dili tur
Metne Dönüştürmek Ajansı TR-AnCHP
041 ## - DİL KODU
Metin / Ses Parça Veya Ayrı Başlığın Dil Kodu tur
082 ## - DEWEY ONLU SINIFLANDIRMA NUMARASI
Sınıflandırma Numarası SHP 353.04
Ürün Numarası H94 1991
090 ## - SINIFLAMA NUMARASI
Sınıflama Numarası SHP 353.04 H94 1991
245 ## - BAŞLIK TABLOSU
Başlık Hükümet programı
Başlığın Kalan TBMM'de okunan metin muteberdir
-- 25 Kasım 1991
Sorumluluk Tablosu, Vb [Süleyman Demirel]
246 ## - UNVAN FORM VARYING
Başlık Doğru / Kısa Başlığı 49. hükümet programı
260 ## - YAYIN, DAĞITIM, VB
Yayın, Dağıtım, Vb Yeri Ankara
Yayıncı, Dağıtıcı, Vs Adı Başbakanlık Basımevi
Yayın, Dağıtım, Vb Tarihi 1991
300 ## - FİZİKSEL TANIM
Kapsam 65 s.
Boyutlar 22 sm.
610 ## - KONU KATMA GİRİŞ - TOPLANTI ADI
Giriş Elemanı Olarak Kurumsal Ad Veya Yargı Alanı Adı DYP-SHP koalisyonu
Genel Alt Bölüm Hükümet programı
610 ## - KONU KATMA GİRİŞ - TOPLANTI ADI
Giriş Elemanı Olarak Kurumsal Ad Veya Yargı Alanı Adı Demirel Hükümeti
Genel Alt Bölüm Hükümet programı
650 ## - KONU KATMA GİRİŞ - TOPİKAL DÖNEM
Topikal Süreli Veya Coğrafi Ad Giriş Elemanı Koalisyon hükümeti
Genel Alt Bölümü DYP-SHP koalisyonu
Kronolojik Alt Bölümü Programlar
650 ## - KONU KATMA GİRİŞ - TOPİKAL DÖNEM
Topikal Süreli Veya Coğrafi Ad Giriş Elemanı Siyaset ve yönetim
Genel Alt Bölümü Hükümet programları, 1991
Coğrafi Alt Bölümü Türkiye
650 ## - KONU KATMA GİRİŞ - TOPİKAL DÖNEM
Topikal Süreli Veya Coğrafi Ad Giriş Elemanı 49. Hükümet
Kronolojik Alt Bölümü Hükümet programı
650 ## - KONU KATMA GİRİŞ - TOPİKAL DÖNEM
Topikal Süreli Veya Coğrafi Ad Giriş Elemanı Hükümet programları, 1991
700 ## - KATMA GİRİŞ - KİŞİSEL İSİM
Kişisel Ad Demirel,Süleyman
942 ## - EKLENDİ GİRİŞ ELEMANLARI (KOHA)
Sınıflandırma Veya Raf Düzeni Kaynak
Koha Öğesi Türü Books
999 ## - SİSTEM KONTROL NUMARALARI (KOHA)
Koha Biblionumber 8900
Koha Biblioitemnumber 8900
657 ## - INDEX SÜRE - İŞLEVİ
-- 49. hükümet programı
Holdings
Kalıcı Konum Mevcut Konum Edinme Tarihi Edinim Kaynak Toplam Check-Out'Lar Tam Çağrı Numarası Barkod Tarih Son Görülme İtibaren Geçerli Fiyatlar Koha Öğesi Türü Kopya Sayısı
CHP Kütüphanesi CHP Kütüphanesi 12/07/2016 Bağış   SHP 353.04 H94 1991 011022 12/07/2016 12/07/2016 Books  
CHP Kütüphanesi CHP Kütüphanesi 02/08/2017 Bağış   SHP 353.04 H94 1991 012915 02/08/2017 02/08/2017 Books k.2
CHP Kütüphanesi CHP Kütüphanesi 02/08/2017 Bağış   SHP 353.04 H94 1991 012916 02/08/2017 02/08/2017 Books k.3